<?xml version="1.0" encoding="UTF-8"?>
<collection xmlns="http://www.loc.gov/MARC21/slim">
 <record>
  <leader>00709nmm a2200181 a 4500</leader>
  <controlfield tag="001">1/33109</controlfield>
  <controlfield tag="008">000711s2005    gr         ua       gre d</controlfield>
  <datafield tag="035" ind1=" " ind2=" ">
   <subfield code="l">35517</subfield>
  </datafield>
  <datafield tag="040" ind1=" " ind2=" ">
   <subfield code="a">GR-PeUP</subfield>
  </datafield>
  <datafield tag="082" ind1="0" ind2="0">
   <subfield code="a">DVD-ROM 489.3'03 ΠΑΠ</subfield>
  </datafield>
  <datafield tag="245" ind1="0" ind2="0">
   <subfield code="a">Πάπυρος μέγα λεξικό της ελληνικής γλώσσας :</subfield>
   <subfield code="h">[Interactive multimedia]</subfield>
  </datafield>
  <datafield tag="260" ind1=" " ind2=" ">
   <subfield code="a">Αθήνα :</subfield>
   <subfield code="b">Παγουλάτος,</subfield>
   <subfield code="c">2005.</subfield>
  </datafield>
  <datafield tag="300" ind1=" " ind2=" ">
   <subfield code="a">1 dvd disc :</subfield>
   <subfield code="b">sd., col.</subfield>
  </datafield>
  <datafield tag="538" ind1=" " ind2=" ">
   <subfield code="a">Windows '98.</subfield>
  </datafield>
  <datafield tag="650" ind1=" " ind2="4">
   <subfield code="a">Λεξικά</subfield>
   <subfield code="x">CD-ROMs.</subfield>
  </datafield>
  <datafield tag="650" ind1=" " ind2="4">
   <subfield code="a">CD-ROMs.</subfield>
  </datafield>
  <datafield tag="650" ind1=" " ind2="4">
   <subfield code="a">Ελληνική γλώσσα, Νέα</subfield>
   <subfield code="x">Λεξικά</subfield>
   <subfield code="x">CD-ROMs.</subfield>
  </datafield>
  <datafield tag="852" ind1=" " ind2=" ">
   <subfield code="a">INST</subfield>
   <subfield code="b">UNIPILB</subfield>
   <subfield code="c">MMEDIA</subfield>
   <subfield code="e">20070727</subfield>
   <subfield code="h">DVD-ROM 489.3'03 ΠΑΠ</subfield>
   <subfield code="p">00153247</subfield>
   <subfield code="q">00153247</subfield>
   <subfield code="t">NOLOAN</subfield>
   <subfield code="y">13</subfield>
   <subfield code="4">1</subfield>
  </datafield>
 </record>
</collection>
